00458nam a22001457a 4500008004100000040001800041041000800059100003600067245007600103260004500179300001800224650001900242650002600261650002500287130821s1921 fr gr fre  aCo-BoUCMbspa00afre aFrazer, James Georged1854-194100aAdonis étude de religions orientales comparéescJames George Frazer aParís (Francia)bPaul Géuthnerc1921 a305 páginas04aDioses griegos04aMitología clásica04aReligión primitiva